Quantitative approaches to decision making (Record no. 89335)

MARC details
000 -LEADER
fixed length control field 00549nam a2200217Ia 4500
008 - FIXED-LENGTH DATA ELEMENTS--GENERAL INFORMATION
fixed length control field 230125s9999 xx 000 0 und d
020 ## - INTERNATIONAL STANDARD BOOK NUMBER
International Standard Book Number 1-85805-026-X
041 ## - LANGUAGE CODE
Language code of text/sound track or separate title eng
082 ## - DEWEY DECIMAL CLASSIFICATION NUMBER
Classification number 658.4033
Item number OAK
100 ## - MAIN ENTRY--PERSONAL NAME
Personal name Oakshoot L A
9 (RLIN) 112397
245 ## - TITLE STATEMENT
Title Quantitative approaches to decision making
250 ## - EDITION STATEMENT
Edition statement 1st Ed.
260 ## - PUBLICATION, DISTRIBUTION, ETC. (IMPRINT)
Date of publication, distribution, etc. 1993
Name of publisher, distributor, etc. DP publications
Place of publication, distribution, etc. London
300 ## - PHYSICAL DESCRIPTION
Extent 262p
500 ## - GENERAL NOTE
Keywords Decision making
500 ## - GENERAL NOTE
Keywords Decision making
650 ## - SUBJECT ADDED ENTRY--TOPICAL TERM
Topical term or geographic name as entry element Statistics
700 ## - ADDED ENTRY--PERSONAL NAME
Personal name Oakshoot L A
9 (RLIN) 112397
906 ## - LOCAL DATA ELEMENT F, LDF (RLIN)
b 44
Holdings
Withdrawn status Lost status Source of classification or shelving scheme Damaged status Not for loan Home library Current library Shelving location Date acquired Vendor Cost, normal purchase price Full call number Barcode Date last seen Cost, replacement price Bill Date Koha item type Original Barcode
    Dewey Decimal Classification   Reference Smt. Hiraben Nanavati Institute of Management & Research for Women Smt. Hiraben Nanavati Institute of Management & Research for Women General Stacks 13/06/1998 System sales 295.00 658.4033 OAK B00989 HIMR-BK-989 25/01/2023 251.00 13/06/1998 Books B00989